[Event "ch-ROU 2018"]
[Site "Olanesti ROU"]
[Date "2018.05.21"]
[Round "8.22"]
[White "Cenusa, Mihai"]
[Black "Tufa, Mihai"]
[Result "0-1"]
[WhiteElo "1819"]
[BlackElo "1915"]
[PlyCount "196"]
[EventDate "2018.05.14"]

1. c4 e5 2. g3 Nf6 3. Bg2 Nc6 4. Nc3 a6 5. Nf3 Bc5 6. O-O d6 7. e3 O-O 8. d4
Ba7 9. d5 Ne7 10. e4 h6 11. Be3 Bxe3 12. fxe3 Ng6 13. h3 Bd7 14. Kh2 c5 15. Nd2
b5 16. b3 Qa5 17. Ne2 b4 18. Ng1 Qa3 19. Qe2 Qa5 20. Rf2 Qd8 21. Raf1 a5 22.
Rf3 a4 23. Qf2 axb3 24. axb3 Ra2 25. Qe1 Qe7 26. R3f2 Rfa8 27. Nb1 Qd8 28. Ne2
Rb2 29. Nd2 Raa2 30. Nc1 Ra1 31. Qe2 Rc2 32. Nd3 Rxf1 33. Qxf1 Ra2 34. Qb1 Qa5
35. Nf1 Rxf2 36. Nxf2 Qa3 37. Bf3 Ne7 38. Nd2 h5 39. Qd1 Qb2 40. Kg1 Qc3 41.
Qe1 g5 42. Nd1 Qc2 43. Bg2 Kg7 44. Kf2 Kh6 45. Ke2 Nfg8 46. Nf2 Qa2 47. g4 h4
48. Nd3 Ng6 49. Qf1 f6 50. Qb1 Qa3 51. Qb2 Qa6 52. Nc1 Nh8 53. Nf3 Ne7 54. Kf1
Nf7 55. Qa2 Qxa2 56. Nxa2 Nd8 57. Ne1 Nb7 58. Bf3 Na5 59. Bd1 Nc8 60. Nd3 Nb6
61. Kf2 Kg7 62. Nb2 Kf7 63. Nc1 Ke7 64. Ke1 Kd8 65. Kd2 Kc7 66. Kd3 Kd8 67. Be2
Bc8 68. Nd1 Kc7 69. Kc2 Bd7 70. Nd3 Bc8 71. Ne1 Ba6 72. Ng2 Nbxc4 73. Bxc4 Nxc4
74. bxc4 Bxc4 75. Nf2 Bf1 76. Ne1 c4 77. Kd2 Kb6 78. Nc2 Kb5 79. Ke1 b3 80.
Na3+ Kb4 81. Nb1 c3 82. Kxf1 c2 83. Nd3+ Kc4 84. Nd2+ Kxd3 85. Nxb3 Kc3 86. Nc1
Kd2 87. Nb3+ Kd1 88. Kg2 c1=Q 89. Nxc1 Kxc1 90. Kg1 Kc2 91. Kg2 Kc3 92. Kf1 Kd3
93. Kf2 Kxe4 94. Ke2 Kxd5 95. Kd3 e4+ 96. Kd2 Kc4 97. Kc2 d5 98. Kd2 Kb3 0-1

[Event "ch-ROU 2018"]
[Site "Olanesti ROU"]
[Date "2018.05.20"]
[Round "7.20"]
[White "Cenusa, Mihai"]
[Black "Albu, George"]
[Result "1/2-1/2"]
[WhiteElo "1819"]
[BlackElo "2038"]
[PlyCount "186"]
[EventDate "2018.05.14"]

1. e4 c5 2. Nf3 e6 3. Nc3 Nc6 4. d4 cxd4 5. Nxd4 Qc7 6. Nxc6 dxc6 7. g3 e5 8.
Bc4 Nf6 9. Be3 b5 10. Bd3 Bh3 11. f3 h5 12. Qe2 Be7 13. a4 b4 14. Nd1 Be6 15.
b3 Nh7 16. f4 Bg4 17. Qf2 Bxd1 18. Rxd1 Nf6 19. h3 Bd6 20. f5 Nd7 21. O-O a5
22. Rd2 Qb8 23. Rfd1 Nf6 24. Qf3 Bc7 25. Kg2 Qb7 26. Bc4 Rd8 27. Bg5 Rxd2+ 28.
Rxd2 Bb6 29. Rd6 Ke7 30. Rd3 Qa7 31. Qe2 Bc5 32. Kf3 Bd4 33. Kg2 Bc5 34. Kf1
Bd4 35. Bd2 Rd8 36. Bg5 Rh8 37. Kg2 Qb6 38. Kf3 Qa7 39. Rd1 Rd8 40. Rd3 Rh8 41.
Be3 Bxe3 42. Qxe3 Qxe3+ 43. Kxe3 h4 44. g4 Nh7 45. Rd1 Ng5 46. Bf1 Rc8 47. Bg2
f6 48. Rc1 Kd6 49. c3 bxc3 50. Kd3 Rb8 51. Kxc3 Rb4 52. Rd1+ Kc7 53. Re1 Nf7
54. Re3 Nd6 55. Kc2 c5 56. Rc3 Kc6 57. Kd3 Rd4+ 58. Ke3 c4 59. Kf3 Kc5 60. Re3
Kb4 61. bxc4 Nxc4 62. Re1 Rd3+ 63. Kf2 Kxa4 64. Bf1 Rd2+ 65. Kf3 Na3 66. Rc1
Rd7 67. g5 fxg5 68. Kg4 Re7 69. Kxg5 Kb3 70. Rc6 Nc2 71. Bc4+ Kb4 72. Bg8 Nd4
73. Rc8 a4 74. Kxh4 Nb5 75. Rb8 Kc5 76. Kg5 Nd6 77. Bd5 Ne8 78. Rc8+ Nc7 79. f6
gxf6+ 80. Kxf6 Rh7 81. Kg6 Rd7 82. h4 Kd4 83. Bf7 Kxe4 84. h5 Nd5 85. Rc4+ Kd3
86. Bxd5 Rxd5 87. Rxa4 e4 88. h6 Rd6+ 89. Kg5 Rd7 90. Ra1 Rb7 91. Rh1 e3 92. h7
Rxh7 93. Rxh7 e2 1/2-1/2

[Event "ch-ROU 2018"]
[Site "Olanesti ROU"]
[Date "2018.05.17"]
[Round "4.20"]
[White "Cenusa, Mihai"]
[Black "Raducanu, Andrei-Augustin"]
[Result "1-0"]
[WhiteElo "1819"]
[BlackElo "2063"]
[PlyCount "85"]
[EventDate "2018.05.14"]

1. e4 d6 2. Nc3 g6 3. Bc4 Bg7 4. d4 Nf6 5. f3 a6 6. a3 b5 7. Ba2 Nbd7 8. Be3
O-O 9. Nge2 Bb7 10. Qd2 Re8 11. g4 Qc8 12. Ng3 Nf8 13. g5 N6d7 14. h4 c5 15.
Nd5 cxd4 16. Bxd4 Bxd4 17. Qxd4 Qxc2 18. O-O Ne6 19. Qf2 Qxf2+ 20. Kxf2 Rac8
21. Rac1 Bxd5 22. Bxd5 Nf4 23. Ke3 Nxd5+ 24. exd5 Rc5 25. Rxc5 dxc5 26. Ne4 Rc8
27. Rc1 c4 28. Kd4 Rd8 29. Nc3 e5+ 30. Ke3 Nc5 31. Ne4 Nd3 32. Nf6+ Kg7 33. Rc2
h6 34. Ke4 a5 35. d6 Nc5+ 36. Kxe5 Nd7+ 37. Nxd7 Rxd7 38. Kd5 hxg5 39. hxg5 Kf8
40. Re2 b4 41. Kc6 Rd8 42. d7 Ra8 43. Kb7 1-0

[Event "ch-ROU 2018"]
[Site "Olanesti ROU"]
[Date "2018.05.16"]
[Round "3.18"]
[White "Cenusa, Mihai"]
[Black "Ciorgovean, Iustin"]
[Result "0-1"]
[WhiteElo "1819"]
[BlackElo "2169"]
[PlyCount "96"]
[EventDate "2018.05.14"]

1. e4 c5 2. Nf3 d6 3. c4 Bg4 4. Nc3 Nc6 5. Qa4 Bxf3 6. gxf3 Qd7 7. d3 Nd4 8.
Qd1 g6 9. Be3 Bg7 10. h4 h5 11. Rb1 e6 12. Bh3 Ne7 13. Bxd4 Bxd4 14. Ne2 Bf6
15. d4 cxd4 16. Nxd4 a6 17. Bf1 Rc8 18. b3 O-O 19. f4 Qc7 20. Qd2 Qc5 21. Rd1
Rfd8 22. Nf3 b5 23. Be2 bxc4 24. bxc4 Rb8 25. e5 dxe5 26. Qxd8+ Rxd8 27. Rxd8+
Kg7 28. fxe5 Bxe5 29. Rd7 Bf6 30. O-O e5 31. Rb1 e4 32. Ng5 e3 33. Ne4 Qf5 34.
Nxf6 Qxb1+ 35. Rd1 Qf5 36. Ne8+ Kf8 37. fxe3 Kxe8 38. Rd6 a5 39. Ra6 Qc5 40.
Ra8+ Kd7 41. Rf8 Qxe3+ 42. Kf1 Nf5 43. Rxf7+ Ke8 44. Rxf5 gxf5 45. Bxh5+ Ke7
46. Kg2 Qf4 47. c5 Qc4 48. Kg3 Qxc5 0-1

[Event "ch-ROU 2018"]
[Site "Olanesti ROU"]
[Date "2018.05.15"]
[Round "2.22"]
[White "Coca, Cristi-Iulian"]
[Black "Cenusa, Mihai"]
[Result "0-1"]
[WhiteElo "2003"]
[BlackElo "1819"]
[PlyCount "93"]
[EventDate "2018.05.14"]

1. e4 e6 2. d4 d5 3. Nc3 Bb4 4. e5 c5 5. a3 Bxc3+ 6. bxc3 Qa5 7. Bd2 c4 8. f4
g6 9. Nf3 Ne7 10. Be2 h5 11. h3 Nf5 12. Kf2 h4 13. Ng5 Nc6 14. Bg4 Ng3 15. Re1
Ne7 16. Kg1 Bd7 17. Kh2 Rc8 18. Qf3 Rc6 19. Reb1 Rb6 20. Be1 Ngf5 21. Qd1 Ba4
22. Qc1 Nh6 23. Rb4 Nc6 24. Rxb6 Qxb6 25. Nf3 Qd8 26. Bf2 Kd7 27. Ra2 Kc7 28.
Qe1 f5 29. exf6 Qxf6 30. Qe3 Nxg4+ 31. hxg4 Kb6 32. Kh3 Rf8 33. Rb2+ Ka6 34.
Bxh4 Qxf4 35. Qxe6 Qc1 36. Rb4 Bxc2 37. Qxd5 Rxf3+ 38. Qxf3 Nxb4 39. cxb4 Bd3
40. b5+ Ka5 41. Qxb7 Ka4 42. Qxa7+ Kb3 43. Bf2 Be4 44. Qc7 Qh6+ 45. Kg3 Qd2 46.
Kh3 Qc1 47. Qa7 0-1

[Event "ch-ROU 2018"]
[Site "Olanesti ROU"]
[Date "2018.05.14"]
[Round "1.23"]
[White "Cenusa, Mihai"]
[Black "Rusan, Paul Cristian"]
[Result "0-1"]
[WhiteElo "1819"]
[BlackElo "2213"]
[PlyCount "88"]
[EventDate "2018.05.14"]

1. e4 c5 2. Nc3 e6 3. Nf3 a6 4. d3 Nc6 5. Be2 d5 6. exd5 exd5 7. O-O Nf6 8. b3
h6 9. Bf4 Bd6 10. Bxd6 Qxd6 11. d4 O-O 12. dxc5 Qxc5 13. Na4 Qa7 14. h3 Bf5 15.
Bd3 Ne4 16. Nh4 Bh7 17. Bxe4 dxe4 18. g3 Rad8 19. Qe1 Nd4 20. Rc1 Rfe8 21. Kh1
b5 22. Nb2 Qd7 23. g4 Qe7 24. f4 exf3 25. Qxe7 Rxe7 26. Rcd1 Bxc2 27. Rd2 Re2
28. Rf2 Rxf2 29. Rxf2 g5 30. Nf5 Bxf5 31. gxf5 Rd5 32. Nd1 Nxf5 33. Nc3 Ng3+
34. Kh2 Rd3 35. Nb1 Ne4 36. Rf1 b4 37. Re1 f5 38. Rc1 Kg7 39. h4 g4 40. a3 a5
41. axb4 axb4 42. h5 Kf6 43. Rc4 Rxb3 44. Rc8 Rb2+ 0-1

[Event "WACC"]
[Site "?"]
[Date "2013.04.30"]
[Round "?"]
[White "Martian, Fanase"]
[Black "Cenusa, Mihai"]
[Result "1-0"]
[WhiteElo "1951"]
[BlackElo "1760"]
[PlyCount "116"]
[EventDate "2013.??.??"]

1. e4 e6 2. d4 d5 3. Nd2 g6 4. c3 Bg7 5. Bd3 Ne7 6. e5 b6 7. Ne2 O-O 8. f4 c5
9. O-O Nbc6 10. a3 Kh8 11. Nf3 Nf5 12. Qe1 Nce7 13. Bd2 Qc7 14. Rc1 c4 15. Bb1
Bd7 16. g4 Nh6 17. Qh4 Neg8 18. Ng5 Ba4 19. Nxh7 Kxh7 20. g5 Ne7 21. gxh6 Bh8
22. Kh1 Qd8 23. Qh3 Bd7 24. Be1 f5 25. exf6 Bxf6 26. Bd2 Nf5 27. Ng1 Kh8 28.
Bxf5 exf5 29. Nf3 Re8 30. Rce1 Re4 31. Rg1 Qe8 32. Ne5 Bxe5 33. fxe5 Qe6 34.
Ref1 Rf8 35. Bf4 Rg8 36. Qg3 Re2 37. Rf2 Rxf2 38. Qxf2 Ba4 39. h4 Be8 40. Qg3
g5 41. Bxg5 Bh5 42. Qf4 Qg6 43. Re1 Qe6 44. Kh2 a5 45. Rg1 Bg4 46. Bf6+ Kh7 47.
Bg5 Re8 48. Qf2 Rb8 49. Qc2 Bh5 50. Bf6 Rg8 51. Rg7+ Rxg7 52. hxg7 b5 53. Qd2
Qf7 54. Qg5 Bg6 55. Kg3 f4+ 56. Kxf4 b4 57. Qg4 bxa3 58. bxa3 Bh5 1-0

[Event "Iasi ROM, World Amateur Ch"]
[Site "Iasi ROM"]
[Date "2013.04.29"]
[Round "8.39"]
[White "Cenusa, Mihai"]
[Black "Sava, Gabriela-Liliana"]
[Result "0-1"]
[WhiteElo "1760"]
[BlackElo "1911"]
[PlyCount "50"]
[EventDate "2013.04.22"]
[EventType "swiss"]
[EventRounds "9"]
[EventCountry "ROM"]

1. c4 e5 2. Nc3 Nf6 3. e4 Nc6 4. d3 h6 5. Be3 Bb4 6. a3 Bxc3+ 7. bxc3 d6 8. Nf3
Ng4 9. d4 Nxe3 10. fxe3 O-O 11. d5 Ne7 12. Bd3 f5 13. exf5 Nxf5 14. e4 Nh4 15.
O-O Bg4 16. Be2 Nxf3+ 17. Bxf3 Bxf3 18. Rxf3 Qh4 19. Qe2 Rxf3 20. Qxf3 Rf8 21.
Qe3 b6 22. a4 a5 23. Re1 Qf4 24. Qxf4 Rxf4 25. g3 Rf3 0-1

[Event "Iasi ROM, World Amateur Ch"]
[Site "Iasi ROM"]
[Date "2013.04.28"]
[Round "7.21"]
[White "Vega, Jorge"]
[Black "Cenusa, Mihai"]
[Result "1-0"]
[WhiteElo "1923"]
[BlackElo "1760"]
[PlyCount "142"]
[EventDate "2013.04.22"]
[EventType "swiss"]
[EventRounds "9"]
[EventCountry "ROM"]

1. e4 e6 2. d4 d5 3. Nc3 Nc6 4. Bb5 a6 5. exd5 axb5 6. dxc6 bxc6 7. Nf3 Bb7 8.
O-O Bd6 9. Re1 Ne7 10. Ng5 O-O 11. Qh5 h6 12. Nge4 Ng6 13. Qe2 Qe7 14. Be3 Nf4
15. Qf3 Ng6 16. Nxd6 cxd6 17. d5 Ne5 18. Qd1 b4 19. dxc6 Bxc6 20. Ne2 Nc4 21.
Bc1 Qb7 22. f3 Ra5 23. Qd4 Ne5 24. Qf2 Bxf3 25. gxf3 Nxf3+ 26. Kf1 Ng5 27. Bxg5
Rxg5 28. Ng3 Rc8 29. Re3 g6 30. Rf3 Rxc2 31. Qxc2 Qxf3+ 32. Qf2 Qc6 33. Qe3
Qc4+ 34. Qe2 Qf4+ 35. Kg2 Re5 36. Qf2 Qg5 37. Rf1 Rf5 38. Qd4 Rxf1 39. Kxf1
Qb5+ 40. Kg2 b3 41. a4 Qc6+ 42. Kh3 e5 43. Qe4 Qd7+ 44. Kg2 Qc7 45. Ne2 Kg7 46.
Nc3 Qd8 47. h4 f5 48. Qb7+ Kf6 49. Nd5+ Ke6 50. Nc7+ Kd7 51. Nb5+ Ke8 52. Qg7
Qa8+ 53. Kf2 Qc6 54. Qxg6+ Ke7 55. Qg7+ Ke8 56. Qg8+ Ke7 57. Nc3 Qc5+ 58. Ke2
f4 59. Qxb3 Qe3+ 60. Kd1 Qg1+ 61. Kd2 Qg2+ 62. Kc1 Qh1+ 63. Kc2 f3 64. Qb7+ Ke6
65. Qc8+ Kf6 66. Nd5+ Kg7 67. Qd7+ Kf8 68. Qxd6+ Kf7 69. Qf6+ Ke8 70. Qxe5+ Kd7
71. Qc7+ Ke8 1-0

[Event "Iasi ROM, World Amateur Ch"]
[Site "Iasi ROM"]
[Date "2013.04.27"]
[Round "6.35"]
[White "Cenusa, Mihai"]
[Black "Tiron, Lucian Ilie"]
[Result "1-0"]
[WhiteElo "1760"]
[BlackElo "1925"]
[PlyCount "93"]
[EventDate "2013.04.22"]
[EventType "swiss"]
[EventRounds "9"]
[EventCountry "ROM"]

1. e4 e6 2. d4 d5 3. exd5 exd5 4. Nf3 Bd6 5. Bd3 Nc6 6. Nc3 Nge7 7. Nb5 Bg4 8.
Be3 Ng6 9. h3 Be6 10. Nxd6+ Qxd6 11. Qd2 O-O-O 12. O-O-O Nb4 13. a3 Nxd3+ 14.
Qxd3 f6 15. Qc3 Nf4 16. Bxf4 Qxf4+ 17. Qe3 Qd6 18. Rhe1 Rhe8 19. Qc3 b6 20. Re3
Bf5 21. Rde1 Be4 22. Kb1 Kd7 23. Qb3 c6 24. g3 Qe6 25. Nd2 Qxh3 26. Nxe4 dxe4
27. Qa4 Kd6 28. Qxa7 Qf5 29. c4 b5 30. g4 Qc8 31. Qxg7 Rg8 32. Qxf6+ Qe6 33.
Qf4+ Kd7 34. Qxe4 Rde8 35. Ka1 Qf7 36. Qh1 Rxe3 37. Rxe3 bxc4 38. f3 Qg7 39.
Qh5 Rf8 40. Qc5 Rc8 41. a4 h5 42. g5 h4 43. f4 Qg6 44. Ka2 Qf7 45. g6 Qg7 46.
f5 Ra8 47. Ka3 1-0

[Event "WORLD AMATEUR CHESS CHAMPIONSHIP 2013"]
[Site "Iasi"]
[Date "2013.04.26"]
[Round "5.43"]
[White "Silva, Jorge"]
[Black "Cenusa, Mihai"]
[Result "0-1"]
[WhiteElo "1970"]
[BlackElo "1760"]
[PlyCount "156"]
[EventDate "2013.04.22"]
[EventRounds "9"]

1. e4 e6 2. d4 d5 3. e5 c5 4. Nf3 Nc6 5. Bd3 Qc7 6. c3 Bd7 7. b4 cxd4 8. cxd4
g5 9. h3 O-O-O 10. Bb2 Kb8 11. Nc3 Rc8 12. O-O Nce7 13. Rc1 Qd8 14. b5 Ng6 15.
Bxg6 fxg6 16. Qd3 Ne7 17. Rc2 Nf5 18. Rfc1 h5 19. g4 hxg4 20. hxg4 Nh4 21. Nxh4
gxh4 22. Qxg6 Bh6 23. Re1 Qe7 24. Qd3 Rcg8 25. f3 Be8 26. Rh2 h3 27. Ne2 Bg6
28. Qb3 Rc8 29. f4 Qh4 30. Kf1 Qxg4 31. Qxh3 Qxh3+ 32. Rxh3 Rcf8 33. Kf2 Bf5
34. Rh4 Bg7 35. Reh1 Rxh4 36. Rxh4 Kc7 37. a4 Kb6 38. Nc3 Rc8 39. Ke3 Bf8 40.
Rh8 Kc7 41. Rh5 Rd8 42. Rh8 Kd7 43. Ne2 b6 44. Ng3 Bc2 45. f5 exf5 46. Kf4 Bb4
47. Rh7+ Kc8 48. Rxa7 Bd2+ 49. Kf3 Kb8 50. Rf7 f4 51. Nf5 Bd1+ 52. Kf2 Rh8 53.
Ba3 Bg4 54. Bd6+ Ka8 55. e6 Be3+ 56. Kf1 Rh1+ 57. Kg2 Rg1+ 58. Kh2 Bf3 59. Rf8+
Kb7 60. Rf7+ Ka8 61. Bxf4 Rg2+ 62. Kh3 Bxf4 63. Ng3 Rxg3+ 64. Kh4 Bd6 65. Rd7
Rg4+ 66. Kh3 Bb4 67. e7 Bxe7 68. Rxe7 Rxd4 69. Kg3 Bd1 70. Re6 Kb7 71. Re7+ Kc8
72. Re6 Kc7 73. Re7+ Kd6 74. Rb7 Kc5 75. a5 bxa5 76. b6 Kc6 77. Rb8 Rb4 78. Ra8
Kxb6 0-1

[Event "WORLD AMATEUR CHESS CHAMPIONSHIP 2013"]
[Site "Iasi"]
[Date "2013.04.25"]
[Round "4.74"]
[White "Cenusa, Mihai"]
[Black "Enache, Tudor-Eduard"]
[Result "1-0"]
[WhiteElo "1760"]
[BlackElo "1544"]
[PlyCount "66"]
[EventDate "2013.04.22"]
[EventRounds "9"]

1. e4 c5 2. Nf3 e6 3. b3 a6 4. Bb2 b5 5. d3 Bb7 6. Be2 Nf6 7. Nbd2 Be7 8. Nf1
d6 9. Ng3 Nbd7 10. O-O Qc7 11. Rc1 Rc8 12. Re1 O-O 13. Nd2 Rfe8 14. c3 d5 15.
Bf3 Ne5 16. Qe2 Nxf3+ 17. gxf3 Bd6 18. e5 Be7 19. exf6 Bxf6 20. Kh1 Bg5 21. Rg1
Qf4 22. Ndf1 d4 23. Ne4 Bh4 24. Rg4 Qh6 25. Re1 f5 26. Bc1 Qh5 27. Nfg3 Bxg3
28. Nf6+ Kf7 29. Nxh5 fxg4 30. Qd2 Bxf3+ 31. Kg1 Bxh2+ 32. Kxh2 e5 33. Qg5 Kg8
1-0

[Event "WORLD AMATEUR CHESS CHAMPIONSHIP 2013"]
[Site "Iasi"]
[Date "2013.04.22"]
[Round "1.10"]
[White "Tirado, Juan Camilo"]
[Black "Cenusa, Mihai"]
[Result "1-0"]
[WhiteElo "1983"]
[BlackElo "1760"]
[PlyCount "131"]
[EventDate "2013.04.22"]
[EventRounds "9"]

1. e4 e5 2. Nf3 d6 3. Bc4 Be6 4. Bb3 a5 5. c3 Nd7 6. d4 Be7 7. Bxe6 fxe6 8. Qb3
Bf6 9. Qxe6+ Qe7 10. Qxe7+ Nxe7 11. O-O O-O 12. Be3 Ng6 13. d5 Be7 14. Ng5 Bxg5
15. Bxg5 Nc5 16. Nd2 Rf7 17. Rab1 Nf4 18. Bxf4 Rxf4 19. f3 g5 20. Rfe1 Rf6 21.
Re3 Nd7 22. c4 b6 23. Nf1 Rff8 24. Ng3 Kf7 25. b3 Nf6 26. Nf5 Nh5 27. a3 Ng7
28. Ng3 h5 29. Ne2 Ke7 30. Rc1 h4 31. h3 Nh5 32. Rec3 Rg8 33. Kh2 Kd7 34. R1c2
c5 35. dxc6+ Kxc6 36. Re3 Nf4 37. Nc3 Rac8 38. Rd2 Rg6 39. Re1 Rd8 40. Nd5 Nxd5
41. cxd5+ Kb7 42. Rc2 Rg7 43. Rec1 Rgd7 44. Kg1 Rf8 45. Rc6 Rf6 46. Rc8 Rff7
47. Kf2 Rc7 48. R8xc7+ Rxc7 49. Rxc7+ Kxc7 50. g3 b5 51. b4 axb4 52. axb4 Kd7
53. gxh4 gxh4 54. f4 exf4 55. Kf3 Ke7 56. Kxf4 Kf6 57. Kg4 Ke5 58. Kf3 Kf6 59.
Kf4 Ke7 60. e5 dxe5+ 61. Kxe5 Kd7 62. d6 Kd8 63. Ke6 Ke8 64. Kd5 Kd7 65. Kc5
Kd8 66. Kxb5 1-0

[Event "GRAND PRIX BALCANI - Festivalul Interna"]
[Site "?"]
[Date "2010.08.19"]
[Round "?"]
[White "Ciobanu, Aurelian"]
[Black "Cenusa, Mihai"]
[Result "1-0"]
[WhiteElo "2236"]
[BlackElo "1767"]
[PlyCount "49"]
[EventDate "2010.??.??"]

1. e4 c5 2. Nf3 Nc6 3. b4 Nf6 4. e5 Nd5 5. bxc5 Qa5 6. c3 Qxc5 7. d4 Qb6 8. Bc4
e6 9. O-O Na5 10. Bd3 Qc7 11. Qe2 Nxc3 12. Nxc3 Qxc3 13. Rb1 Qc7 14. Ng5 Be7
15. Nxh7 Qd8 16. Qh5 Rg8 17. Bg6 d5 18. Bxf7+ Kd7 19. Ng5 Bxg5 20. Bxg5 Qf8 21.
Qg6 Kc7 22. Bxe6 Bxe6 23. Qxe6 Nc6 24. Rfc1 Rc8 25. Be7 1-0